000 00252nam a22001097a 4500
999 _c260861
_d260860
020 _a9780545208147
100 _aLiz Kessler
245 _aPhilippa Fisher's Fairy Godsister
260 _aNew York
_bScholastic
_c2007
300 _a274 pgs.
942 _cBK